| 000 | 00685nam a2200217Ia 4500 | ||
|---|---|---|---|
| 005 | 20251020182543.0 | ||
| 008 | 200515s9999 xx 000 0 und d | ||
| 082 | _a744.721/CH56 | ||
| 100 | _aCHING, Francis D. K. | ||
| 245 | 0 | _aManual de dibujo arquitectónico | |
| 250 | _a3a ed. | ||
| 260 | _aBarcelona | ||
| 260 | _c1999 | ||
| 300 | _a179 | ||
| 500 | _a1 ejemplar | ||
| 520 | _aSe incluyen los siguientes temas: El valor de línea y de tono.- La axonometría.- La perspectiva y sus formas de construcción.- El uso del valor de tono en las perspectivas.- El boceto a mano alzada | ||
| 650 | _aDIBUJO | ||
| 650 | _aDIBUJO ARQUITECTONICO | ||
| 650 | _aLIB | ||
| 942 | _cLIB | ||
| 999 |
_c2458 _d2458 |
||